| 000 | 00422cam a2200181ua 4500 | ||
|---|---|---|---|
| 020 | _cRe 1.00 | ||
| 041 |
_ahin _h |
||
| 082 |
_a891.54 _bSUD/PA |
||
| 100 | _aSudarshan, . | ||
| 245 |
_aParivarthan / _cSudarshan. _hTextual Documents |
||
| 250 |
_a6 / _b. |
||
| 260 |
_aVaranasi : _bSaraswati Mandir , _c1960. |
||
| 300 | _a79 ; . | ||
| 365 | _aRe 1.00 | ||
| 504 | _a | ||
| 942 | _cBK | ||
| 999 |
_c3605 _d3605 |
||